| 000 | 00863nam a2200277 i 4500 | ||
|---|---|---|---|
| 003 | EG-GICUC | ||
| 005 | 20260429064616.0 | ||
| 008 | 260429s1963 ge ||||fr|||| 00| 0 ger d | ||
| 040 |
_aEG-GiCUC _beng _cEG-GiCUC _dEG-GiCUC _eRda |
||
| 041 | _ager | ||
| 082 | 0 | 4 |
_221 _a343 _bBE . S |
| 092 | 0 | 4 | _221 |
| 099 | _aLaw1 10 343 BE . S 1963 | ||
| 100 | 1 |
_aBerolzheimer,jur. Fritz _eAuthor. |
|
| 245 |
_aStrafrechtsphilosophie und Strafrechtsreform/ _cjur. Fritz Berolzheimer. |
||
| 264 | 1 |
_aGermany: _bScientia Verlag Aalen, _c1963. |
|
| 300 |
_a279 page ; _c 24 cm. |
||
| 336 |
_2rda contenu _a texte |
||
| 337 |
_2rda medias _aOrdinateur |
||
| 338 |
_2 transporteur rda _a Ressource en ligne |
||
| 546 | _a Text in German | ||
| 650 | 1 | _aStrafrecht | |
| 856 | 4 | 0 | _uhttps://fll.law.cu.edu.eg/fulltext/bks/B10-11389.pdf |
| 905 | _a59 | ||
| 942 |
_2ddc _n0 _cBK _e21 |
||
| 999 |
_c74019 _d74019 |
||